000 00790nam a22002057a 4500
003 NALT
005 20251125232923.0
008 s2527 th tha d
040 _aNALT
041 _atha
090 _aอศ ข461ช 2527
245 0 0 _aชีวประวัติหลวงปู่ขาว อนาลโย.
260 _aกรุงเทพฯ :
_bป.สัมพันธ์พาณิชย์,
_c2527.
300 _a145 หน้า :
_bภาพประกอบ.
600 0 0 _aหลวงปู่ขาว อนาลโย
_dชีวประวัติ
_957999
850 _aNALT
856 4 0 _uhttps://hdl.handle.net/20.500.14156/515371
942 _cCRE
_2local
998 _cDAO
_j104
_k นางสาวสายฝน ดีงาม
999 _c23368
_d23368